Statistics for Smite Gods

Click here to take the quiz!

General Stats

  • This quiz has been taken 408 times
    (44 since last reset)
  • The average score is 82 of 130

Answer Stats

Answer% Correct
King Arthur
97%
Merlin
90%
Ra
90%
Aphrodite
86%
Apollo
83%
Arachne
83%
Chronos
83%
Lancelot
83%
Medusa
83%
Ares
79%
Athena
79%
Hades
79%
Thanatos
79%
Zeus
79%
Achilles
76%
Artemis
76%
Artio
76%
Neith
76%
Nike
76%
Persephone
76%
Poseidon
76%
Ah Muzen Cab
72%
Anubis
72%
Bastet
72%
Cerberus
72%
Cernunnos
72%
Charon
72%
Cthulhu
72%
Gilgamesh
72%
Morgan Le Fey
72%
Thor
72%
Tiamat
72%
Agni
69%
Atlas
69%
Bellona
69%
Cu Chulainn
69%
Cupid
69%
Geb
69%
Hera
69%
Ishtar
69%
Nemesis
69%
Osiris
69%
Serqet
69%
Sun Wukong
69%
Vamana
69%
Anhur
66%
Baba Yaga
66%
Bacchus
66%
Baron Samedi
66%
Charybdis
66%
Chiron
66%
Da Ji
66%
Ganesha
66%
Janus
66%
Loki
66%
Martichoras
66%
Nox
66%
Odin
66%
Rama
66%
Ratatoskr
66%
Scylla
66%
Set
66%
Susano
66%
The Morrigan
66%
Ah Puch
62%
Amaterasu
62%
Chang'e
62%
Eset
62%
Horus
62%
Maui
62%
Vulcan
62%
Yemoja
62%
Yu Huang
62%
Zhong Kui
62%
Bakasura
59%
Camazotz
59%
Fenrir
59%
Ix Chel
59%
Izanami
59%
Mercury
59%
Nut
59%
Olorun
59%
Pele
59%
Ymir
59%
Awilix
55%
Chaac
55%
Chernobog
55%
Fafnir
55%
Freya
55%
Guan Yu
55%
He Bo
55%
Hel
55%
Nu Wa
55%
Raijin
55%
Ravana
55%
Shiva
55%
Sol
55%
Terra
55%
Thoth
55%
Tsukuyomi
55%
Tyr
55%
Ao Kuang
52%
Cabrakan
52%
Cliodhna
52%
Erlang Shen
52%
Hachiman
52%
Hou Yi
52%
Hun Batz
52%
Kali
52%
Khepri
52%
Kuzenbo
52%
Mulan
52%
Ne Zha
52%
Skadi
52%
Sobek
52%
Surtr
52%
Xbalanque
52%
Hercules
48%
Jing Wei
48%
Jormungandr
48%
Kukulkan
48%
Ullr
48%
Danzaburou
45%
Discordia
45%
Kumbhakarna
45%
Maman Brigitte
45%
Sylvanus
45%
Xing Tian
45%
Bake Kujira
41%
Heimdallr
41%

Score Distribution

Percentile by Number Answered

Percent of People with Each Score

Your Score History

You have not taken this quiz since the last reset